| 000 | 00443nam a2200157Ia 4500 | ||
|---|---|---|---|
| 008 | 230312s9999||||xx |||||||||||||| ||und|| | ||
| 020 | _a1403-92952-1 | ||
| 082 |
_a621.317 _bKUM-O |
||
| 100 | _aKumar;D.Mahesh | ||
| 245 | 0 | _aOperational Amplifier & Linear Integrated Circuits | |
| 260 |
_bMacmillan _aIndia _c2006 |
||
| 300 | _a217 | ||
| 546 | _aEng. | ||
| 650 |
_aEngineering _vOperational Amplifier & Linear Integrated Circuits |
||
| 942 | _cBK | ||
| 999 |
_c8587 _d8587 |
||